00629 2200205 4500001002100000005001700021008004100038035002400079040001200103082001400115090001900129100002100148245012100169260003400290300002800324500002400352650001700376850001200393990001800405INLIS00000000002255520160913102123.0  0010-091600000000327 aYOPDYOG 223a635.2 aSK 635.2 Dew P aCHRISNAWATI DEWI aPengaruh penggunaan mulsa jerami dan jarak tanam pada pertumbuhan dan hasil tanaman bawang merahc/ Chrisnawati Dewi aYogyakartabUPN Veteranc1994 aviii, 46 hlm.c; 30 cm. aSkripsi UPN Veteran aBawang merah aYOPDYOG a37504-PD/A.08